QR Codes – Countries - Statistics

General Stats
  • This quiz has been taken 9 times
  • The average score is 16 of 20
Answer Stats
Picture Answer % Correct
France
100%
Honduras
100%
Jamaica
100%
Nigeria
100%
Uganda
100%
Poland
89%
United States
89%
Australia
78%
Brazil
78%
Canada
78%
Germany
78%
Madagascar
78%
Peru
78%
Saudi Arabia
78%
Singapore
78%
Turkey
78%
China
56%
Senegal
56%
Spain
56%
Vanuatu
56%
No matching quizzes found
Score Distribution
Percent of People with Each Score
Percentile by Number Answered
Your Score History
You have not taken this quiz